00309nam a22001097a 4500020001800000040000900018082001500027100002300042245008800065260003100153650001500184 a9781592539802 cNUST a745.54 ROD aRodabaugh, Katrina aThe paper playhouse : bAwesome Art Projects For Kids Using Paper, Boxes, And Books aUSA:bQuarry Books,c2015. aPaper Work